banner koha

Teste de modelos matematicos para o ajuste da relacao hipsometrica em diferentes sitios e idades para plantacoes de Pinus elliottii no estado do Parana (Registro n. 327110)

MARC details
000 -LÍDER
campo de controle de tamanho fixo 01486naa a22003137a 4500
001 - NÚMERO DE CONTROLE
campo de controle BR9603284
003 - IDENTIFICADOR DO NÚMERO DE CONTROLE
campo de controle BR-BrBNA
005 - DATA E HORÁRIO DA ÚLTIMA TRANSAÇÃO
campo de controle 20240918181836.0
007 - CAMPO FIXO DE DESCRIÇÃO FÍSICA--INFORMAÇÃO GERAL
campo de controle de tamanho fixo ta
008 - CAMPO DE DADOS FIXOS--INFORMAÇÃO GERAL
campo de controle de tamanho fixo 230509b bl.||||| |||| 00| 0 por d
040 ## - FONTE DA CATALOGAÇÃO
Instituição da catalogação original BR-BrBNA
Idioma da catalogação por
Instituição que transcreveu o registro Biblioteca Nacional de Agricultura
041 ## - CÓDIGO DE IDIOMA
Código do idioma do texto/trilha sonora ou título diferente (Pt)
072 ## - CÓDIGO DE CATEGORIA DE ASSUNTO
Código de Categoria de Assunto U10; K10
090 ## - NÚMERO DE CHAMADA LOCAL
Número de chamada U10 BR9603284
100 1# - ENTRADA PRINCIPAL--NOME PESSOAL
Nome pessoal Machado, S.A.
100 1# - ENTRADA PRINCIPAL--NOME PESSOAL
Nome pessoal Basso, S.F.
100 1# - ENTRADA PRINCIPAL--NOME PESSOAL
Nome pessoal Bevilacqua Junior, V.G.
111 1# - ENTRADA PRINCIPAL--NOME DO EVENTO
Nome do evento ou lugar 1. Congresso Florestal Panamericano7. Congresso Florestal Brasileiro
Local do evento Curitiba, PR (Brazil)
Data do evento ou assinatura do tratado 19-24 Sep 1993
245 1# - TÍTULO
Título Teste de modelos matematicos para o ajuste da relacao hipsometrica em diferentes sitios e idades para plantacoes de Pinus elliottii no estado do Parana
260 3# - PUBLICAÇÃO, DISTRIBUIÇÃO, ETC.
Local de publicação, distribuição, etc. Curitiba, PR (Brasil):
Data da publicação, distribuição, etc. 1993.
500 ## - NOTA GERAL
Nota geral Anais do 1. Congresso Florestal Panamericano e 7. Congresso Florestal Brasileiro. Floresta para o desenvolvimento: politica, ambiente, tecnologia e mercado. Trabalho voluntario e posters<br/>Curitiba, PR (Brasil): 1993. v. 2 p. 553-556<br/>(BR9603284-AM)U10<br/>
650 ## - ASSUNTO--TERMO TÓPICO
Cabeçalho tópico ou nome geográfico Floresta
650 ## - ASSUNTO--TERMO TÓPICO
Cabeçalho tópico ou nome geográfico Dendrometria
650 ## - ASSUNTO--TERMO TÓPICO
Cabeçalho tópico ou nome geográfico Modelo Matematico
650 ## - ASSUNTO--TERMO TÓPICO
Cabeçalho tópico ou nome geográfico Parana
773 0# - ENTRADA ANALÍTICA
Título Anais do 1. Congresso Florestal Panamericano e 7. Congresso Florestal Brasileiro. Floresta para o desenvolvimento: politica, ambiente, tecnologia e mercado. Trabalho voluntario e posters
Número de controle do registro U10 BR9603284
Partes relacionadas Curitiba, PR (Brasil), 1993. v. 2 p. 553-556
909 ## -
-- 202404
-- Lucia
-- 55
-- Lucia Elande
942 ## - ELEMENTOS DE ENTRADA ADICIONADOS (KOHA)
Tipo de material Koha Capítulo-Livro
Fonte da classificação ou esquema de arquivamento na estante Classificação AGRIS
Exemplares
Situação do descarte Fonte da classificação ou esquema de arquivamento na estante Situação física Não pode ser emprestado Coleção Biblioteca de origem Biblioteca atual Localização na estante Total de empréstimos Número de telefone completo Data de último acesso Número do exemplar Tipo de material Koha Situação das perdas Data de aquisição Fonte de aquisição
  Classificação AGRIS       Biblioteca Nacional de Agricultura - Binagri Biblioteca Nacional de Agricultura - Binagri Agrobase - Acervo Geral   3000 BR9603236 20/05/2024 01 Capítulo-Livro   2024-04-11 Portaria Interministerial nº 164/94

BINAGRI

Telefone: (61)3218-2567/2388/3357/2097 - binagri@agro.gov.br

Ministério da Agricultura e Pecuária , Esplanada dos Ministérios, Bloco D, Anexo B, Brasília/DF, CEP: 70.043-900